00397nam a2200133Ia 4500008004100000041001200041082002200053100005400075245005100129250001200180260003700192300001300229650002100242231217s9999 xx 000 0 und d aEnglish a659.2 NEW;1 `R' aNewsom, Doug Turk, Judy Vanslyke Kruckeberg, Dean 0aThis is PR: The realities of public relations  a7th ed. c2000bWadsworth/Thomson Learning axvii+553 aPublic relations